Responses for Show #5969 - Thursday, July 22, 2010

John Krizel game 5.

Contestants

[<< previous game]

Alison Stone Roberg, an administrative assistant from Kansas City, Missouri

Dan Highlands, a legal assistant from Quincy, Massachusetts

John Krizel, a green community program coordinator from Beckley, West Virginia (whose 4-day cash winnings total $105,204)

[next game >>]

Jeopardy! Round responses

IN THE 21st CENTURY
CITY SONGS
I COULDA HAD A G8
AT THE BUSINESS' WEBSITE
INVENTORS & INVENTIONS
THEM'S FIGHTIN' WORDS!
    $200 7
the Concorde

John
    $200 1
New York (New York)

Dan
    $200 26
(John: What is China?)

the United States

JohnDan
    $200 12
Budweiser

Dan
    $200 21
Post-It Notes

Dan
    $200 2
a row

John
    $400 8
salmonella

John
    $400 3
Chicago

John
    $400 27
the EU

John
    $400 13
Microsoft

Alison
    $400 22
(Alison: What is Play-Doh?)
(Dan: What is Tidy Cat?)
[Initially ruled incorrect; reversed before the start of the DJ! Round when the researchers discovered that the two products were the same.]

Kitty Litter

DanAlison
    $400 17
a feud

John
    $600 9
(Benazir) Bhutto

Alison
    $600 4
(Dan: What is Las Vegas?)

L.A.

Dan
Triple Stumper
    $600 28
Angela Merkel

John
    $600 14
Victoria's Secret

John
    $600 23
Jethro Tull

Alison
    $600 18
rumble

Dan
    $1,200 10
(Alison: Who is DeLay?)

Senator George Mitchell

Alison
    $800 5
Miami

Triple Stumper
    $800 29
Africa

John
    $800 15
EA Sports (Electronic Arts accepted)

Dan
    $800 24
Rolodex

John
    $800 19
a skirmish

Dan
    $1000 11
human rights

Triple Stumper
    $1000 6
Memphis

Alison
    $1000 30
Italy

John
    $1000 16
Halliburton

John
    $1000 25
the shopping cart

Triple Stumper
    $1000 20
a battle royal

Triple Stumper

Scores at the first commercial break (after clue 13):

John Dan Alison
$1,200 -$200 $800

Scores at the end of the Jeopardy! Round:

John Dan Alison
$6,600 $2,800 $1,000

Double Jeopardy! Round responses

THE PULITZER PRIZE FOR POETRY
PASTRY
PRESIDENTIAL MATH
(Alex: If we said "Washington plus Jackson", the correct response would be "What is 8?" president number 1, president number 7.)
"AND" IDIOMS
JOAN
OF ARK
    $400 1
Frost

Alison
    $400 26
baklava

Alison
    $400 6
11 (44 ÷ 4)

Alison
    $400 11
nuts and bolts

John
    $400 18
Joan Crawford

John
    $400 13
8

Alison
    $800 2
(John: Who is Edna St. Mincent Villay?)
[Initially credited as correct; reversed before the Daily Double at clue 9 upon review of the recording]

Edna St. Vincent Millay

John
Triple Stumper
    $800 27
a pie in the face

Dan
    $800 7
48 (16 × 3)

John
    $800 12
trial and error

Dan
    $800 19
Joan Baez

John
    $800 14
the Tigris

Dan
    $1200 3
(Carl) Sandburg

Alison
    $1200 28
a cream puff

Triple Stumper
    $1200 8
3 (6 ÷ 2)

Alison
    $1200 23
pins and needles

Alison
    $1200 20
Joan Rivers

Dan
    $1200 15
an altar

Alison
    $1600 4
Auden

John
    $1600 29
Danish pastry

Triple Stumper
    $3,000 9
200 (40 × 5)

Alison
    $3,000 24
fine and dandy

Alison
    $1600 21
(Alex: She starred in Suspicion as [*]. Olivia's sister.)

Joan Fontaine

Triple Stumper
    $1600 16
unicorns

John
    $2000 5
Robert Penn Warren

Alison
    $2000 30
(Dan: What is a baguette?)

brioche

Dan
Triple Stumper
    $2000 10
5 (42 - 37)

John
    $2000 25
stand and deliver

Alison
    $2000 22
(Alex: Think of Sesame Street.)

Joan Ganz Cooney

Triple Stumper
    $2000 17
Mount Ararat

Dan

Scores at the end of the Double Jeopardy! Round:

John Dan Alison
$13,400 $6,400 $17,400

[wagering suggestions for these scores]

Final Jeopardy! Round responses

SCIENCE HISTORY
DanWhat is A Black Hole?
$0
JohnWhat are red giants
$5,300
AlisonWhat is a black hole?
$9,401
a black hole

Final scores:

John Dan Alison
$8,100 $6,400 $26,801
2nd place: $2,000 3rd place: $1,000 New champion: $26,801

Game dynamics:

Coryat scores:

John Dan Alison
$13,400 $6,400 $15,800
19 R,
2 W
13 R,
2 W
16 R
(including 2 DDs),
2 W
(including 1 DD)

Combined Coryat: $35,600

[game clues] [game scores] [suggest correction]

Game tape date: 2010-03-13
The J! Archive is created by fans, for fans. Scraping, republication, monetization, and malicious use prohibited; this site may use cookies and collect identifying information. See terms. The Jeopardy! game show and all elements thereof, including but not limited to copyright and trademark thereto, are the property of Jeopardy Productions, Inc. and are protected under law. This website is not affiliated with, sponsored by, or operated by Jeopardy Productions, Inc. Join the discussion at JBoard.tv.